000 00459ntaaa2200181 4500
003 01
005 20251027202946.0
008 0714s1973 ag 01
040 _aAR-BaBN
_bspa
_cAR-BaBN
_eaacr
_dRIC
082 _a942.0600 G82
100 _aGreen, John Richard
_930385
245 _aHistory of the English people
250 _a1 ed.
260 _aChicago :
_bBelford, Clarke and Co.,
_c1882
300 _a450 p
650 _aInglaterra-historia
942 _cBK
999 _c24914
_d24914